Nadja /

Bibliographic Details
Main Author: Breton, André, 1896-1966
Format: Book
Language:English
French
Published: New York : London : Grove Press ; Evergreen Books, Ltd., 1960.
Series:Evergreen original ; E-253.

MARC

Tag First Indicator Second Indicator Subfields
LEADER 00000cam a2200000 4500
001 in00000022208
005 20151007063914.0
008 720622s1960 nyua 00001 eng u
010 |a  60007639  
035 |a (OCoLC)00338487 
035 |9 AAD8556AM 
040 |c MRC  |d TXA  |d UtOrBLW 
041 1 |a eng  |a fre 
049 |a TXAM  |c [326750] 
050 0 |a PZ3.B7556  |b Nad 
090 |a PQ2603.R35  |b N3 1960 
092 |a 843  |b B844n 
100 1 |a Breton, André,  |d 1896-1966. 
245 1 0 |a Nadja /  |c André Breton ; translated by Richard Howard. 
264 1 |a New York :  |b Grove Press ;  |a London :  |b Evergreen Books, Ltd.,  |c 1960. 
300 |a 160 pages :  |b illustrations ;  |c 21 cm. 
336 |a text  |b txt  |2 rdacontent 
337 |a unmediated  |b n  |2 rdamedia 
338 |a volume  |b nc  |2 rdacarrier 
490 1 |a Evergreen original ;  |v E-253 
830 0 |a Evergreen original ;  |v E-253. 
999 |a MARS 
999 f f |s b46b8969-e56f-3397-89ee-fa4aff87c99f  |i 5311d389-22dc-34ab-9588-15b7c34c012b  |t 0 
952 f f |p normal  |a Texas A&M University  |b College Station  |c Sterling C. Evans Library  |d Evans: Library Stacks  |t 0  |e PQ2603.R35 N3 1960  |h Library of Congress classification  |i unmediated -- volume  |m A14801367868 
998 f f |a PQ2603.R35 N3 1960  |t 0  |l Evans: Library Stacks